000
00242 a2200085 4500
020
_a
9781875093694
082
_2
636.70890968 OBER
_a
636.70890968
_b
1
100
_a
OBEREM, PAMELA
245
_a
A GUIDE TO ANIMAL DISEASES IN SOUTH AFRICA CATS AND DOGS
999
_c
779650
_d
779649
942
_w
438
_x
Lucy Nkosi
_y
438
_z
Lucy Nkosi